Statystyki dla Państwa graniczące z państwami na literę H (z mapą!)

Kliknij tutaj aby rozwiązać quiz!

Ogólne statystyki

  • Ten quiz został rozwiązany 405 razy
    (398 od ostatniego zresetowania)
  • Średni wynik to 8 z 12

Odpowiedzi na mapie

Odpowiedzi skodowane kolorowo w zielono-czerwonej skali na mapie do tego quizu, zgodnie z poniższymi procentami.
 

Statystyki odpowiedzi

Państwo% Poprawnych
Francja
86%
Portugalia
85%
Belgia
83%
Niemcy
83%
Gwatemala
75%
Salwador
73%
Andora
72%
Dominikana
69%
Belize
55%
Maroko
40%
Wielka Brytania
31%
Meksyk
30%

Rozkład punktacji

Percentyl według liczby udzielonych odpowiedzi

Procent ludzi z każdym wynikiem

Twoja historia wyników

Nie rozwiązałeś tego quizu od ostatniego zresetowania